<?xml version="1.0" encoding="UTF-8"?>
<record
    xmlns:xsi="http://www.w3.org/2001/XMLSchema-instance"
    xsi:schemaLocation="http://www.loc.gov/MARC21/slim http://www.loc.gov/standards/marcxml/schema/MARC21slim.xsd"
    xmlns="http://www.loc.gov/MARC21/slim">

  <leader>00382nam a2200169Ia 4500</leader>
  <controlfield tag="003">OSt</controlfield>
  <controlfield tag="005">20240727120747.0</controlfield>
  <controlfield tag="008">170619s9999    xx            000 0 und d</controlfield>
  <datafield tag="020" ind1=" " ind2=" ">
    <subfield code="a">978-9350593363</subfield>
  </datafield>
  <datafield tag="040" ind1=" " ind2=" ">
    <subfield code="c">IIMT ENGINEERING COLLEGE</subfield>
  </datafield>
  <datafield tag="100" ind1=" " ind2=" ">
    <subfield code="a">Sharma J K</subfield>
  </datafield>
  <datafield tag="245" ind1=" " ind2="0">
    <subfield code="a">operation research</subfield>
  </datafield>
  <datafield tag="260" ind1=" " ind2=" ">
    <subfield code="b">macmillan</subfield>
  </datafield>
  <datafield tag="260" ind1=" " ind2=" ">
    <subfield code="c">2009</subfield>
  </datafield>
  <datafield tag="546" ind1=" " ind2=" ">
    <subfield code="a">ENGLISH</subfield>
  </datafield>
  <datafield tag="942" ind1=" " ind2=" ">
    <subfield code="2">ddc</subfield>
    <subfield code="c">02</subfield>
  </datafield>
  <datafield tag="999" ind1=" " ind2=" ">
    <subfield code="c">22410</subfield>
    <subfield code="d">22410</subfield>
  </datafield>
  <datafield tag="952" ind1=" " ind2=" ">
    <subfield code="0">0</subfield>
    <subfield code="1">0</subfield>
    <subfield code="2">ddc</subfield>
    <subfield code="4">0</subfield>
    <subfield code="7">0</subfield>
    <subfield code="a">13</subfield>
    <subfield code="b">13</subfield>
    <subfield code="d">2017-06-21</subfield>
    <subfield code="e">10</subfield>
    <subfield code="g">415.00</subfield>
    <subfield code="l">1</subfield>
    <subfield code="p">13-B-5133</subfield>
    <subfield code="r">2022-08-24</subfield>
    <subfield code="s">2022-05-05</subfield>
    <subfield code="w">2017-06-23</subfield>
    <subfield code="y">02</subfield>
  </datafield>
  <datafield tag="952" ind1=" " ind2=" ">
    <subfield code="0">0</subfield>
    <subfield code="1">0</subfield>
    <subfield code="2">ddc</subfield>
    <subfield code="4">0</subfield>
    <subfield code="7">0</subfield>
    <subfield code="a">13</subfield>
    <subfield code="b">13</subfield>
    <subfield code="d">2017-06-21</subfield>
    <subfield code="e">10</subfield>
    <subfield code="g">415.00</subfield>
    <subfield code="p">13-B-5134</subfield>
    <subfield code="r">2017-06-23</subfield>
    <subfield code="w">2017-06-23</subfield>
    <subfield code="y">02</subfield>
  </datafield>
  <datafield tag="952" ind1=" " ind2=" ">
    <subfield code="0">0</subfield>
    <subfield code="1">0</subfield>
    <subfield code="2">ddc</subfield>
    <subfield code="4">0</subfield>
    <subfield code="7">0</subfield>
    <subfield code="a">13</subfield>
    <subfield code="b">13</subfield>
    <subfield code="d">2017-06-21</subfield>
    <subfield code="e">10</subfield>
    <subfield code="g">415.00</subfield>
    <subfield code="l">2</subfield>
    <subfield code="p">13-B-5135</subfield>
    <subfield code="r">2022-07-08</subfield>
    <subfield code="s">2022-04-26</subfield>
    <subfield code="w">2017-06-23</subfield>
    <subfield code="y">02</subfield>
  </datafield>
  <datafield tag="952" ind1=" " ind2=" ">
    <subfield code="0">0</subfield>
    <subfield code="1">0</subfield>
    <subfield code="2">ddc</subfield>
    <subfield code="4">0</subfield>
    <subfield code="7">0</subfield>
    <subfield code="a">13</subfield>
    <subfield code="b">13</subfield>
    <subfield code="d">2017-06-21</subfield>
    <subfield code="e">10</subfield>
    <subfield code="g">415.00</subfield>
    <subfield code="l">5</subfield>
    <subfield code="p">13-B-5136</subfield>
    <subfield code="r">2024-07-27</subfield>
    <subfield code="s">2024-04-12</subfield>
    <subfield code="w">2017-06-23</subfield>
    <subfield code="y">02</subfield>
  </datafield>
  <datafield tag="952" ind1=" " ind2=" ">
    <subfield code="0">0</subfield>
    <subfield code="1">0</subfield>
    <subfield code="2">ddc</subfield>
    <subfield code="4">0</subfield>
    <subfield code="7">0</subfield>
    <subfield code="a">13</subfield>
    <subfield code="b">13</subfield>
    <subfield code="d">2017-06-21</subfield>
    <subfield code="e">10</subfield>
    <subfield code="g">415.00</subfield>
    <subfield code="l">3</subfield>
    <subfield code="p">13-B-5137</subfield>
    <subfield code="q">2026-07-31</subfield>
    <subfield code="r">2026-02-11</subfield>
    <subfield code="s">2026-02-11</subfield>
    <subfield code="w">2017-06-23</subfield>
    <subfield code="y">02</subfield>
  </datafield>
  <datafield tag="952" ind1=" " ind2=" ">
    <subfield code="0">0</subfield>
    <subfield code="1">0</subfield>
    <subfield code="2">ddc</subfield>
    <subfield code="4">0</subfield>
    <subfield code="7">0</subfield>
    <subfield code="a">13</subfield>
    <subfield code="b">13</subfield>
    <subfield code="d">2017-06-21</subfield>
    <subfield code="e">10</subfield>
    <subfield code="g">415.00</subfield>
    <subfield code="l">3</subfield>
    <subfield code="p">13-B-5138</subfield>
    <subfield code="q">2026-07-31</subfield>
    <subfield code="r">2026-03-09</subfield>
    <subfield code="s">2026-03-09</subfield>
    <subfield code="w">2017-06-23</subfield>
    <subfield code="y">02</subfield>
  </datafield>
  <datafield tag="952" ind1=" " ind2=" ">
    <subfield code="0">0</subfield>
    <subfield code="1">0</subfield>
    <subfield code="2">ddc</subfield>
    <subfield code="4">0</subfield>
    <subfield code="7">0</subfield>
    <subfield code="a">13</subfield>
    <subfield code="b">13</subfield>
    <subfield code="d">2017-06-21</subfield>
    <subfield code="e">10</subfield>
    <subfield code="g">415.00</subfield>
    <subfield code="l">2</subfield>
    <subfield code="p">13-B-5139</subfield>
    <subfield code="r">2024-07-02</subfield>
    <subfield code="s">2024-07-02</subfield>
    <subfield code="w">2017-06-23</subfield>
    <subfield code="y">02</subfield>
  </datafield>
  <datafield tag="952" ind1=" " ind2=" ">
    <subfield code="0">0</subfield>
    <subfield code="1">0</subfield>
    <subfield code="2">ddc</subfield>
    <subfield code="4">0</subfield>
    <subfield code="7">0</subfield>
    <subfield code="a">13</subfield>
    <subfield code="b">13</subfield>
    <subfield code="d">2017-06-21</subfield>
    <subfield code="e">10</subfield>
    <subfield code="g">415.00</subfield>
    <subfield code="l">2</subfield>
    <subfield code="p">13-B-5140</subfield>
    <subfield code="r">2022-08-25</subfield>
    <subfield code="s">2022-04-19</subfield>
    <subfield code="w">2017-06-23</subfield>
    <subfield code="y">02</subfield>
  </datafield>
  <datafield tag="952" ind1=" " ind2=" ">
    <subfield code="0">0</subfield>
    <subfield code="1">0</subfield>
    <subfield code="2">ddc</subfield>
    <subfield code="4">0</subfield>
    <subfield code="7">0</subfield>
    <subfield code="a">13</subfield>
    <subfield code="b">13</subfield>
    <subfield code="d">2017-06-21</subfield>
    <subfield code="e">10</subfield>
    <subfield code="g">415.00</subfield>
    <subfield code="l">2</subfield>
    <subfield code="p">13-B-5141</subfield>
    <subfield code="r">2022-08-23</subfield>
    <subfield code="s">2022-05-18</subfield>
    <subfield code="w">2017-06-23</subfield>
    <subfield code="y">02</subfield>
  </datafield>
  <datafield tag="952" ind1=" " ind2=" ">
    <subfield code="0">0</subfield>
    <subfield code="1">0</subfield>
    <subfield code="2">ddc</subfield>
    <subfield code="4">0</subfield>
    <subfield code="7">0</subfield>
    <subfield code="a">13</subfield>
    <subfield code="b">13</subfield>
    <subfield code="d">2017-06-21</subfield>
    <subfield code="e">10</subfield>
    <subfield code="g">415.00</subfield>
    <subfield code="l">3</subfield>
    <subfield code="p">13-B-5142</subfield>
    <subfield code="r">2024-08-22</subfield>
    <subfield code="s">2024-04-25</subfield>
    <subfield code="w">2017-06-23</subfield>
    <subfield code="y">02</subfield>
  </datafield>
</record>
